000 01329nam a22002657a 4500
005 20081013100321.0
008 081013t xxu||||| |||| 00| p hin d
010 _aHIN-84369
020 _c100.00
_a9788181436672
035 _aHN-56715
037 _bDBAD / PUB
040 _aDPL
_bHN
082 _a841
100 _aकिश्वर नाहीद
245 _aदायरों में फैली लकीर/
_cकिश्वर नाहीर; प्रदीप 'साहिल ' द्वारा रूपांतरित
246 _aDaayron men Phailii Lakiir
_bby Kishwar Naheed
260 _aनई दिल्ली
_bवाणी प्रकाशन
_c2008
270 _a21-ए, दरियागंज
_bनई दिल्ली
_e110002
_k011 23273167
_l011 23275710
_mvaniprakashan@gmail.com
300 _a88पृ
_c22सेमी (सजिल्द)
650 _aउर्दू कविता
_xहिन्दी में अनुवाद
650 _aUrdu poetry
_xTranslations into Hindi
700 _aप्रदीप 'साहिल '
942 _2ddc
_cHN
_mकिश्वर
_k841
999 _c16623
_d16623